00989nam a2200277 a 4500001001000000003000500010005001700015008004100032010001100073011001100084020001800095040000900113082001800122245014700140260010000287300003200387490003600419650001700455650002400472650003200496650003500528650003600563700004100599700003500640830003600675000107911CHAP20220329143948.0131118s2010 mx a |r| |||||||spa d a104373 a105345 a9786074772876 cCHAP04a305.5633bE7700aEspacios públicos y estrategias campesinas ante la crisis en México /ccoordinado por Luciano Concheiro Bórquez y Arturo León López. aMéxico, D.F. :bUAM. Unidad Xochimilco. División de Ciencias Sociales y Humanidades,c2010. a262 p. :bgráf., cuadros.1 aPensar el futuro de Méxicov714aCampesinado.14aCrisis económica.14aDesarrollo ruralzMéxico.14aOrganización de productores.14aPartidos políticosxMéxico.0 aConcheiro Bórquez, Lucianoecoord.0 aLeón López, Arturoecoord. 0aPensar el futuro de Méxicov7